000 00432nam a22001457a 4500
003 SGT
082 _a617.84
_bI25T
100 _aTINKER, SAKSHI
245 _a IMPROVING MOTOR CONTROL AND FUNCTIONAL ACTIVITY IN SPASTIC DIPLEGIC CEREBRAL PALSY THROUGH A CUSTOMIZED EXERCISE PROGRAM- AN EXPERIMENTAL STUDY
260 _aGURUGRAM
_bSGT UNIVERSITY
_c2025
300 _a104
650 _aNEUROLOGY
653 _aMPT
942 _2ddc
_cTH
999 _c32573
_d32573